[Event "DEM U10 2005"]
[Site "Willingen GER"]
[Date "2005.05.21"]
[Round "11"]
[White "Zier, Oliver"]
[Black "Osmanodja, Filiz"]
[Result "1/2-1/2"]
[Termination "normal"]
[Board "1"]
[WhiteElo "1563"]
[BlackElo "1518"]
[PlyCount "77"]
[WhiteFideId "24631906"]
[BlackFideId "24633569"]
[EventCountry "GER"]
[EventRounds "11"]
[EventType "swiss"]
[EventDate "2005.05.15"]

1. d4 Nf6 2. c4 c5 3. d5 b5 4. cxb5 a6 5. bxa6 Bxa6 6. Nc3 d6 7. g3 g6 8. Bg2
Bg7 9. Nf3 O-O 10. O-O Nbd7 11. Rb1 Ng4 12. Qc2 Nge5 13. b3 Qc7 14. Bb2 Ra7 15.
Rfd1 Rfa8 16. Na4 Bb5 17. Nc3 Ba6 18. Na4 Bc8 19. Nxe5 Bxe5 20. Bxe5 Nxe5 21.
Nc3 Bf5 22. e4 Bg4 23. Rdc1 Qa5 24. h3 Bf3 25. a4 Rb7 26. Nb5 Bxg2 27. Kxg2 Nd7
28. Qc3 Qa6 29. Qc2 Nf6 30. f4 Ne8 31. e5 Nc7 32. exd6 exd6 33. Nxc7 Rxc7 34.
Qe4 Qb7 35. Re1 Kf8 36. Rb2 Re7 37. Qxe7+ Qxe7 38. Rxe7 Kxe7 39. Rc2 1/2-1/2

[Event "DEM U10 2005"]
[Site "Willingen GER"]
[Date "2005.05.21"]
[Round "11"]
[White "Kaphle, Sebastian"]
[Black "Davydov, Ruven"]
[Result "1-0"]
[Termination "normal"]
[Board "2"]
[WhiteElo "1824"]
[BlackElo "1250"]
[PlyCount "53"]
[WhiteFideId "24626708"]
[BlackFideId "24666068"]
[EventCountry "GER"]
[EventRounds "11"]
[EventType "swiss"]
[EventDate "2005.05.15"]

1. e4 d5 2. exd5 Qxd5 3. Nc3 Qd8 4. d4 g6 5. Bc4 Bg7 6. Nf3 Nh6 7. O-O O-O 8.
Be3 Nf5 9. Ne2 Nd6 10. Bd3 Bg4 11. Ng3 Nc6 12. c3 e5 13. Be2 f5 14. dxe5 Nxe5
15. Nxe5 Bxe2 16. Qb3+ Kh8 17. Nxg6+ hxg6 18. Nxe2 Re8 19. Nf4 Kh7 20. Ne6 Qe7
21. Nxg7 Qxg7 22. Bd4 Qe7 23. c4 Qe4 24. Qh3+ Kg8 25. Qh8+ Kf7 26. Qf6+ Kg8 27.
Qg7# 1-0

[Event "DEM U10 2005"]
[Site "Willingen GER"]
[Date "2005.05.21"]
[Round "11"]
[White "Babayev, Ramil"]
[Black "Barzen, Pascal"]
[Result "1-0"]
[Termination "normal"]
[Board "3"]
[WhiteElo "1533"]
[BlackElo "1204"]
[PlyCount "97"]
[WhiteFideId "24664243"]
[BlackFideId "24653497"]
[EventCountry "GER"]
[EventRounds "11"]
[EventType "swiss"]
[EventDate "2005.05.15"]

1. e4 c6 2. Nc3 d5 3. Nf3 dxe4 4. Nxe4 Bf5 5. Ng3 Bg6 6. Bc4 Nf6 7. O-O Nbd7 8.
d4 e6 9. Bf4 Nb6 10. Bb3 Nfd5 11. Bd2 Nf6 12. Ba5 Bd6 13. c4 Bc7 14. Re1 O-O
15. Nh4 Qd7 16. Nxg6 fxg6 17. c5 Nbd5 18. Bxc7 Nxc7 19. Ne4 Nxe4 20. Rxe4 Rae8
21. Qg4 Qf7 22. Qg3 Nd5 23. Rae1 Re7 24. f3 Rfe8 25. Qd6 Rd7 26. Rxe6 Rxe6 27.
Qxe6 Qxe6 28. Rxe6 Kf8 29. Kf2 Kf7 30. Re5 Kf6 31. Bxd5 cxd5 32. Ke3 b6 33. b4
bxc5 34. bxc5 h6 35. h4 g5 36. hxg5+ hxg5 37. g4 g6 38. Kd3 Re7 39. Rxd5 Rc7
40. Re5 Rc6 41. Kc4 Ra6 42. Kb3 Rc6 43. Kb4 Ra6 44. a4 Rc6 45. Re8 Kf7 46. Re3
Kf6 47. d5 a5+ 48. Kb5 Rc8 49. c6 1-0

[Event "DEM U10 2005"]
[Site "Willingen GER"]
[Date "2005.05.21"]
[Round "11"]
[White "Marquardt, Patrick"]
[Black "Schreiner, Till"]
[Result "0-1"]
[Termination "normal"]
[Board "4"]
[WhiteElo "1459"]
[BlackElo "1204"]
[PlyCount "58"]
[WhiteFideId "4670086"]
[BlackFideId "24675555"]
[EventCountry "GER"]
[EventRounds "11"]
[EventType "swiss"]
[EventDate "2005.05.15"]

1. e4 c6 2. d4 d5 3. Nc3 dxe4 4. Nxe4 Nf6 5. Nxf6+ gxf6 6. Bf4 Bf5 7. Nf3 Nd7
8. Bd3 Bxd3 9. Qxd3 e6 10. O-O Be7 11. Rfe1 Qb6 12. b3 O-O-O 13. c4 h5 14. Nd2
Ba3 15. Rab1 Ne5 16. Qc2 Qxd4 17. Bxe5 Qxd2 18. Qxd2 Rxd2 19. Bxf6 Rg8 20. Ra1
Bc5 21. Bh4 Rg4 22. Bg3 h4 23. Be5 Bxf2+ 24. Kf1 Bxe1 25. Rxe1 Rgxg2 26. Bd4
Rxh2 27. Bg1 Rhg2 28. Bxa7 h3 29. Bf2 Rdxf2# 0-1

[Event "DEM U10 2005"]
[Site "Willingen GER"]
[Date "2005.05.21"]
[Round "11"]
[White "Noe, Christopher"]
[Black "Göbel, Constantin"]
[Result "1-0"]
[Termination "normal"]
[Board "5"]
[WhiteElo "1509"]
[BlackElo "1261"]
[PlyCount "118"]
[WhiteFideId "24692018"]
[BlackFideId "24647071"]
[EventCountry "GER"]
[EventRounds "11"]
[EventType "swiss"]
[EventDate "2005.05.15"]

1. d4 d5 2. c4 e6 3. Nc3 c6 4. Nf3 Nf6 5. Bf4 Nbd7 6. e3 Be7 7. h3 O-O 8. Bd3
Nb6 9. c5 Nbd7 10. O-O b6 11. b4 a5 12. a3 Ba6 13. Qe2 Bxd3 14. Qxd3 Nh5 15.
Bh2 Re8 16. e4 dxe4 17. Nxe4 bxc5 18. dxc5 Nhf6 19. Nd6 Bxd6 20. Qxd6 Nb8 21.
Qxd8 Rxd8 22. Bc7 Rd3 23. Bxa5 Nbd7 24. Rfd1 Rxd1+ 25. Rxd1 Kf8 26. Nd4 Nxc5
27. Nxc6 Nce4 28. Rd8+ Rxd8 29. Bxd8 Nd5 30. b5 Nd6 31. a4 Ke8 32. Ba5 Kd7 33.
Kf1 Nc4 34. Bb4 Kc7 35. Ke2 Nxb4 36. Nxb4 Kb6 37. Na2 Ka5 38. Nc3 Kb4 39. Kd3
Nb6 40. Kd4 f6 41. f4 Nd7 42. Ne4 Kxa4 43. Nc5+ Kxb5 44. Nxd7 Kc6 45. Nf8 Kd6
46. Nxh7 e5+ 47. fxe5+ fxe5+ 48. Ke4 Ke6 49. h4 Kf7 50. Kxe5 Kg6 51. Ng5 Kh5
52. g3 Kg4 53. Ne4 Kh5 54. Kf4 g6 55. Nf6+ Kh6 56. g4 g5+ 57. hxg5+ Kg6 58. Nh5
Kf7 59. Kf5 Kg8 1-0

[Event "DEM U10 2005"]
[Site "Willingen GER"]
[Date "2005.05.21"]
[Round "11"]
[White "Xu, Xianliang"]
[Black "Düssler, Stefanie"]
[Result "1-0"]
[Termination "normal"]
[Board "6"]
[WhiteElo "1370"]
[BlackElo "1087"]
[PlyCount "105"]
[WhiteFideId "4603230"]
[BlackFideId "4634780"]
[EventCountry "GER"]
[EventRounds "11"]
[EventType "swiss"]
[EventDate "2005.05.15"]

1. c4 e5 2. Nc3 Nc6 3. g3 g6 4. Bg2 Bg7 5. Nf3 d6 6. O-O f5 7. d3 Nf6 8. Rb1
O-O 9. b4 Be6 10. b5 Ne7 11. Nd2 Rb8 12. a4 h6 13. a5 b6 14. axb6 axb6 15. Ra1
g5 16. Ra7 f4 17. Nb3 Qd7 18. Re1 Rbc8 19. Bb2 Qe8 20. Ne4 Qf7 21. Nbd2 Nxe4
22. Nxe4 fxg3 23. hxg3 d5 24. cxd5 Bxd5 25. Rf1 Bxe4 26. Bxe4 h5 27. Bg2 Qg6
28. Qb3+ Kh8 29. Be4 Qh6 30. Kg2 h4 31. Rh1 h3+ 32. Kg1 g4 33. Bg2 Qf6 34. f3
Rf7 35. f4 Kg8 36. Bb7 Rd8 37. Bxe5 Qh6 38. Bxg7 Qxg7 39. Qc4 Nf5 40. Bd5 Nxg3
41. Bxf7+ Qxf7 42. Qxf7+ Kxf7 43. Rxc7+ Ke8 44. Rh2 Rd5 45. Rg7 Rxb5 46. Rxg4
Nf5 47. Rxh3 Rb1+ 48. Kf2 b5 49. Rg1 Rb2 50. Rh7 Kf8 51. Ra1 Kg8 52. Rb7 Ng7
53. Rg1 1-0

[Event "DEM U10 2005"]
[Site "Willingen GER"]
[Date "2005.05.21"]
[Round "11"]
[White "Blübaum, Matthias"]
[Black "Klek, Hanna-Marie"]
[Result "1/2-1/2"]
[Termination "normal"]
[Board "7"]
[WhiteElo "1209"]
[BlackElo "1340"]
[PlyCount "111"]
[WhiteFideId "24651516"]
[BlackFideId "24670057"]
[EventCountry "GER"]
[EventRounds "11"]
[EventType "swiss"]
[EventDate "2005.05.15"]

1. d4 d5 2. c4 dxc4 3. e4 e5 4. d5 c6 5. Nc3 Bb4 6. Bxc4 Nf6 7. f3 O-O 8. Nge2
Bc5 9. Bg5 h6 10. Bh4 b5 11. Bb3 Bb7 12. Qd2 Qd6 13. O-O-O Nbd7 14. dxc6 Qxd2+
15. Rxd2 Bxc6 16. Kc2 Rac8 17. Kb1 a5 18. Nd5 a4 19. Nxf6+ Nxf6 20. Bc2 b4 21.
b3 axb3 22. Bxb3 Bb5 23. Re1 Rfd8 24. Rxd8+ Rxd8 25. Bxf6 gxf6 26. Rd1 Rd3 27.
Kc2 Re3 28. Ng3 Rc3+ 29. Kb2 Kg7 30. Rc1 Rxc1 31. Kxc1 Kg6 32. Nf5 Bf1 33. g3
Be2 34. Bd1 Bb5 35. Bb3 Bg1 36. Nh4+ Kh7 37. Bxf7 Bxh2 38. Nf5 Bd7 39. g4 Bf4+
40. Kb2 Ba4 41. Bb3 Bb5 42. Bd1 Bc4 43. Nh4 Bg5 44. Ng2 Kg7 45. a3 bxa3+ 46.
Kxa3 Bf1 47. Ne1 Bf4 48. Kb3 Kg6 49. Kc2 Kg5 50. Nd3 Bg2 51. Ne1 Bh3 52. Kd3 h5
53. gxh5 Kxh5 54. Ke2 Kh4 55. Kf2 Bg3+ 56. Ke2 1/2-1/2

[Event "DEM U10 2005"]
[Site "Willingen GER"]
[Date "2005.05.21"]
[Round "11"]
[White "Stahnecker, Ludwig"]
[Black "Pauly, Carlo"]
[Result "1/2-1/2"]
[Termination "normal"]
[Board "8"]
[WhiteElo "1307"]
[BlackElo "1111"]
[PlyCount "39"]
[WhiteFideId "24692026"]
[BlackFideId "24673269"]
[EventCountry "GER"]
[EventRounds "11"]
[EventType "swiss"]
[EventDate "2005.05.15"]

1. e4 d5 2. exd5 Qxd5 3. Nc3 Qa5 4. Bc4 Nf6 5. d3 c6 6. Bd2 Qc7 7. h3 Bf5 8.
Nf3 e6 9. O-O Nbd7 10. Re1 Be7 11. Qe2 O-O 12. Nh4 Bg6 13. Nxg6 hxg6 14. Ne4
Nxe4 15. Qxe4 Bf6 16. c3 Nc5 17. Qe3 Qe7 18. d4 Nd7 19. d5 Nb6 20. Bb3 1/2-1/2

[Event "DEM U10 2005"]
[Site "Willingen GER"]
[Date "2005.05.21"]
[Round "11"]
[White "Gheng, Michael Dan"]
[Black "Neumair, Jerome"]
[Result "0-1"]
[Termination "normal"]
[Board "9"]
[WhiteElo "1368"]
[BlackElo "1162"]
[PlyCount "92"]
[BlackFideId "24672637"]
[EventCountry "GER"]
[EventRounds "11"]
[EventType "swiss"]
[EventDate "2005.05.15"]

1. d4 d5 2. Nf3 e6 3. e3 c5 4. c3 Nc6 5. Bd3 Nf6 6. Nbd2 Qb6 7. O-O Be7 8. Re1
O-O 9. dxc5 Qxc5 10. e4 h6 11. e5 Nd7 12. Nb3 Qb6 13. Bd2 Qc7 14. Bf4 a6 15.
Qd2 h5 16. Bc2 Re8 17. Qd3 g6 18. g4 hxg4 19. Ng5 Bxg5 20. Bxg5 Ncxe5 21. Qe3
Nf3+ 22. Kf1 Nxe1 23. Rxe1 Qxh2 24. Nd2 b5 25. Bf4 Qh1+ 26. Ke2 Qh5 27. Bg3 Bb7
28. Kd1 Rac8 29. Kc1 b4 30. Nb3 e5 31. Na5 Ba8 32. Qd3 d4 33. Nc4 e4 34. Qxd4
Qg5+ 35. Kb1 Nf6 36. Qa7 Rxc4 37. Rd1 bxc3 38. Qxa6 Rb4 39. b3 e3 40. fxe3 Be4
41. Bxe4 Rbxe4 42. Bf4 Qf5 43. Rd3 Nd5 44. Bh6 c2+ 45. Kxc2 Nb4+ 46. Kc3 Nxa6
0-1

[Event "DEM U10 2005"]
[Site "Willingen GER"]
[Date "2005.05.21"]
[Round "11"]
[White "Pfeiffer, Daniel"]
[Black "Kyas, Philipp"]
[Result "1/2-1/2"]
[Termination "normal"]
[Board "10"]
[WhiteElo "1428"]
[BlackElo "1273"]
[PlyCount "42"]
[WhiteFideId "24641960"]
[BlackFideId "24670936"]
[EventCountry "GER"]
[EventRounds "11"]
[EventType "swiss"]
[EventDate "2005.05.15"]

1. e4 e5 2. Nf3 Nc6 3. Nc3 Nf6 4. Bb5 d6 5. d4 Bd7 6. Bg5 Be7 7. Qd2 h6 8. Bh4
O-O 9. O-O-O Bg4 10. Bxc6 Bxf3 11. gxf3 bxc6 12. Rhg1 Kh7 13. Qe2 exd4 14. Rxd4
c5 15. Rd3 Rb8 16. e5 Ng8 17. Qe4+ g6 18. Bxe7 Nxe7 19. h4 h5 20. Rg5 Kg7 21.
f4 Rb4 1/2-1/2

[Event "DEM U10 2005"]
[Site "Willingen GER"]
[Date "2005.05.21"]
[Round "11"]
[White "Grewenig, Jan"]
[Black "Schmitt, Katrin"]
[Result "1/2-1/2"]
[Termination "normal"]
[Board "11"]
[WhiteElo "1214"]
[BlackElo "1398"]
[PlyCount "22"]
[WhiteFideId "4657330"]
[BlackFideId "24654400"]
[EventCountry "GER"]
[EventRounds "11"]
[EventType "swiss"]
[EventDate "2005.05.15"]

1. e4 d5 2. exd5 Qxd5 3. Nc3 Qd6 4. Bc4 Nf6 5. h3 a6 6. Nf3 Nc6 7. d3 e6 8. Bd2
b5 9. Bb3 Bb7 10. Qe2 Be7 11. O-O-O O-O-O 1/2-1/2

[Event "DEM U10 2005"]
[Site "Willingen GER"]
[Date "2005.05.21"]
[Round "11"]
[White "Gisy, Roberto"]
[Black "Spangenberg, Romy"]
[Result "1/2-1/2"]
[Termination "normal"]
[Board "12"]
[WhiteElo "1366"]
[BlackElo "1239"]
[PlyCount "36"]
[BlackFideId "4627997"]
[EventCountry "GER"]
[EventRounds "11"]
[EventType "swiss"]
[EventDate "2005.05.15"]

1. e4 c5 2. c3 d5 3. exd5 Qxd5 4. d4 Nf6 5. Be2 Nc6 6. Be3 cxd4 7. Bf3 Qd6 8.
cxd4 Bf5 9. a3 e6 10. Ne2 Be7 11. O-O O-O 12. Nbc3 Rac8 13. Ng3 Bg6 14. Qd2
Rfd8 15. Rfd1 a6 16. Na4 Qc7 17. Bxc6 Qxc6 18. Nc3 Ne4 1/2-1/2

[Event "DEM U10 2005"]
[Site "Willingen GER"]
[Date "2005.05.21"]
[Round "11"]
[White "Große, Christian"]
[Black "Kuhn, Jan"]
[Result "1-0"]
[Termination "normal"]
[Board "13"]
[WhiteElo "1347"]
[BlackElo "1164"]
[PlyCount "53"]
[WhiteFideId "24646156"]
[EventCountry "GER"]
[EventRounds "11"]
[EventType "swiss"]
[EventDate "2005.05.15"]

1. c4 e5 2. Nc3 Nc6 3. g3 g6 4. Bg2 Bg7 5. e3 d6 6. Nge2 Be6 7. b3 Qd7 8. Bb2
O-O-O 9. d4 exd4 10. exd4 Bh3 11. O-O Bxg2 12. Kxg2 Nf6 13. a3 h5 14. h4 d5 15.
c5 Ng4 16. b4 f6 17. b5 Ne7 18. c6 bxc6 19. bxc6 Qxc6 20. Rc1 Qa6 21. Na4 Nf5
22. Nc5 Nfe3+ 23. fxe3 Nxe3+ 24. Kh1 Qd6 25. Qb3 Qb6 26. Qxe3 Qxb2 27. Qe6+ 1-0

[Event "DEM U10 2005"]
[Site "Willingen GER"]
[Date "2005.05.21"]
[Round "11"]
[White "Sarchisov, Slavik"]
[Black "Volz, Alexander"]
[Result "1-0"]
[Termination "normal"]
[Board "14"]
[WhiteElo "1337"]
[BlackElo "1117"]
[PlyCount "71"]
[WhiteFideId "24647888"]
[BlackFideId "4669126"]
[EventCountry "GER"]
[EventRounds "11"]
[EventType "swiss"]
[EventDate "2005.05.15"]

1. e4 d5 2. exd5 Qxd5 3. Nc3 Qd6 4. d4 a6 5. Bd3 Nf6 6. Nge2 Nc6 7. O-O Bg4 8.
f3 Bh5 9. Bf4 Qd7 10. Kh1 e6 11. Qd2 Be7 12. Rad1 O-O 13. Rfe1 Rad8 14. Be3 Nd5
15. Nxd5 Qxd5 16. Nf4 Qxa2 17. Nxh5 Nxd4 18. Bxd4 Rxd4 19. Bxh7+ Kxh7 20. Qxd4
Rd8 21. Qe4+ g6 22. Rxd8 Bxd8 23. b3 f5 24. Qd3 gxh5 25. Qxd8 Qxc2 26. Qe7+ Kh8
27. Qf6+ Kh7 28. Qf7+ Kh8 29. Qxh5+ Kg7 30. Qg5+ Kh8 31. Qf6+ Kh7 32. Qxe6 Qc3
33. Qxf5+ Kh6 34. Re6+ Kg7 35. Qg6+ Kf8 36. Re8# 1-0

[Event "DEM U10 2005"]
[Site "Willingen GER"]
[Date "2005.05.21"]
[Round "11"]
[White "Möhn, Hans"]
[Black "Müller, Alexander"]
[Result "1/2-1/2"]
[Termination "normal"]
[Board "15"]
[WhiteElo "1161"]
[BlackElo "1336"]
[PlyCount "64"]
[WhiteFideId "24647837"]
[BlackFideId "4624696"]
[EventCountry "GER"]
[EventRounds "11"]
[EventType "swiss"]
[EventDate "2005.05.15"]

1. d4 d5 2. c4 c6 3. Nc3 Nf6 4. Nf3 Bf5 5. cxd5 Nxd5 6. Qb3 Qb6 7. Qxb6 Nxb6 8.
e4 Bg6 9. Bd3 N8d7 10. Be3 e6 11. O-O-O Be7 12. Nd2 O-O 13. Nb3 Bd6 14. f4 h6
15. g4 f6 16. Rhf1 Rac8 17. Kb1 c5 18. dxc5 Nxc5 19. Nxc5 Bxc5 20. Bxc5 Rxc5
21. f5 exf5 22. exf5 Bf7 23. Ne4 Rd5 24. Bc2 Rfd8 25. Bb3 Rd4 26. Bxf7+ Kxf7
27. Rde1 Nd7 28. Kc2 Ne5 29. Kc3 Rc4+ 30. Kb3 Rc6 31. h3 a6 32. Rd1 Ke7 1/2-1/2

[Event "DEM U10 2005"]
[Site "Willingen GER"]
[Date "2005.05.21"]
[Round "11"]
[White "Pohl, Theresa"]
[Black "Grünwald, Sven"]
[Result "0-1"]
[Termination "normal"]
[Board "16"]
[WhiteElo "1049"]
[BlackElo "1323"]
[PlyCount "142"]
[BlackFideId "24629642"]
[EventCountry "GER"]
[EventRounds "11"]
[EventType "swiss"]
[EventDate "2005.05.15"]

1. d4 d5 2. Nf3 Nf6 3. g3 e6 4. Bg2 Bd6 5. O-O O-O 6. Nc3 Nc6 7. Bg5 h6 8. Bxf6
Qxf6 9. e4 dxe4 10. Nxe4 Qe7 11. d5 exd5 12. Qxd5 Be6 13. Qd1 Rad8 14. Re1 Bxg3
15. Qc1 Bd6 16. c3 Qd7 17. Qc2 Bf5 18. Qb3 Bxe4 19. Rxe4 b6 20. Rd1 Na5 21. Qc2
Qf5 22. Nh4 Qg5 23. h3 Bc5 24. b4 Rxd1+ 25. Qxd1 f5 26. Qd5+ Kh7 27. Nf3 Qc1+
28. Re1 Qxc3 29. bxc5 bxc5 30. Qe6 c4 31. Nh4 Rf6 32. Qe7 Qd2 33. Nf3 Qxa2 34.
Qxc7 Nc6 35. Rc1 Qa4 36. Nd2 c3 37. Rxc3 Qa1+ 38. Nb1 Qxb1+ 39. Bf1 Nd4 40. Kg2
Rg6+ 41. Rg3 Qe4+ 42. Kh2 Nf3+ 43. Kh1 Nd2+ 44. Bg2 Qe1+ 45. Kh2 Rxg3 46. Qxg3
Nf1+ 47. Bxf1 Qxf1 48. Qf3 Qb5 49. Qa3 a5 50. Kg3 Qb4 51. Qd3 Qe4 52. Qa3 a4
53. f3 Qe5+ 54. Kf2 Qd4+ 55. Kg3 Qc4 56. f4 Qb3+ 57. Qxb3 axb3 58. Kf2 b2 59.
Ke3 b1=Q 60. Kd4 Qe4+ 61. Kc5 Qd3 62. h4 Kg6 63. h5+ Kf6 64. Kb4 Qc2 65. Kb5
Qc3 66. Kb6 Ke6 67. Kb5 Kd5 68. Kb6 Qc6+ 69. Ka5 Qb7 70. Ka4 Kc4 71. Ka3 Qb3#
0-1

[Event "DEM U10 2005"]
[Site "Willingen GER"]
[Date "2005.05.21"]
[Round "11"]
[White "Schröder, Björn"]
[Black "Lebeda, Timo"]
[Result "0-1"]
[Termination "normal"]
[Board "17"]
[WhiteElo "1035"]
[BlackElo "1315"]
[PlyCount "64"]
[BlackFideId "4638565"]
[EventCountry "GER"]
[EventRounds "11"]
[EventType "swiss"]
[EventDate "2005.05.15"]

1. d4 Nf6 2. c4 g6 3. Bf4 Bg7 4. e3 d6 5. Nc3 O-O 6. Nf3 Bf5 7. Be2 Nc6 8. O-O
Re8 9. Rc1 e5 10. dxe5 dxe5 11. Bg3 Qe7 12. Qb3 b6 13. Rfd1 Rad8 14. Nb5 a6 15.
Nc3 Qc5 16. Bh4 Be6 17. Na4 Qe7 18. Rxd8 Rxd8 19. Qc3 Bf5 20. b3 h6 21. c5 b5
22. Nb2 g5 23. Bg3 Ne4 24. Qe1 Nxg3 25. hxg3 e4 26. Nd1 exf3 27. Bxf3 Ne5 28.
Be2 Bd3 29. Qf1 Bxe2 30. Qxe2 Nd3 31. Rc2 Nxc5 32. Nc3 Bxc3 0-1

[Event "DEM U10 2005"]
[Site "Willingen GER"]
[Date "2005.05.21"]
[Round "11"]
[White "Tran, Duc Cuong"]
[Black "Collmer, Dominik"]
[Result "1-0"]
[Termination "normal"]
[Board "18"]
[WhiteElo "1395"]
[BlackElo "1216"]
[PlyCount "45"]
[WhiteFideId "24689718"]
[BlackFideId "4620763"]
[EventCountry "GER"]
[EventRounds "11"]
[EventType "swiss"]
[EventDate "2005.05.15"]

1. e4 c5 2. Nf3 Nc6 3. d4 cxd4 4. Nxd4 Nf6 5. Nc3 e6 6. a3 Bc5 7. Be3 d5 8.
Nxc6 Qb6 9. Na4 Qxc6 10. Nxc5 b6 11. a4 a6 12. Nb3 Nxe4 13. Bd3 Nf6 14. O-O Bb7
15. f3 h6 16. Qe1 g5 17. Bd4 Rg8 18. Bxf6 g4 19. Bh7 gxf3 20. Bxg8 fxg2 21. Rf2
d4 22. Nxd4 Qc5 23. Nxe6 1-0

[Event "DEM U10 2005"]
[Site "Willingen GER"]
[Date "2005.05.21"]
[Round "11"]
[White "Weber, Clemens"]
[Black "Rozenfeld, Elisabeth"]
[Result "1-0"]
[Termination "normal"]
[Board "20"]
[WhiteElo "1165"]
[BlackElo "1383"]
[PlyCount "85"]
[WhiteFideId "12927813"]
[BlackFideId "4624742"]
[EventCountry "GER"]
[EventRounds "11"]
[EventType "swiss"]
[EventDate "2005.05.15"]

1. e4 e5 2. Nf3 Nf6 3. d4 Nxe4 4. Bd3 d5 5. dxe5 Bc5 6. O-O Bg4 7. Be3 Bb6 8.
Bxe4 dxe4 9. Qxd8+ Kxd8 10. Ng5 Ke7 11. Nc3 Nc6 12. Nd5+ Kd7 13. Nxb6+ axb6 14.
Nxf7 Rhf8 15. Ng5 h6 16. Nxe4 Nxe5 17. Bd4 Rae8 18. Ng3 Rf7 19. f3 Bf5 20. Rfd1
Kc8 21. Re1 Bxc2 22. Rxe5 Rd8 23. Bc3 Rfd7 24. Ree1 g6 25. Bf6 Rf8 26. Bc3 Rfd8
27. a3 h5 28. b4 h4 29. Ne4 c5 30. Bf6 Rf8 31. Bxh4 Rh7 32. Bg3 cxb4 33. axb4
Kd7 34. Ra7 Kd8 35. Ra8+ Ke7 36. Bd6+ Ke6 37. Bxf8 Rh8 38. Ng5+ Kf5 39. h3 Rh4
40. g4+ Kf4 41. Bd6+ Kxg5 42. Rf8 Rxh3 43. Bf4+ 1-0

[Event "DEM U10 2005"]
[Site "Willingen GER"]
[Date "2005.05.21"]
[Round "11"]
[White "Kühnel, Lena"]
[Black "Matschewsky, Justus"]
[Result "1/2-1/2"]
[Termination "normal"]
[Board "21"]
[WhiteElo "1124"]
[BlackElo "1235"]
[PlyCount "35"]
[WhiteFideId "24640956"]
[BlackFideId "24678708"]
[EventCountry "GER"]
[EventRounds "11"]
[EventType "swiss"]
[EventDate "2005.05.15"]

1. e4 e5 2. Nf3 Nc6 3. Nc3 d6 4. d4 Bg4 5. Bb5 exd4 6. Qxd4 Bd7 7. Qd3 Nf6 8.
O-O Be7 9. Re1 O-O 10. Bd2 Nb4 11. Qe3 Nxc2 12. Qd3 Nxa1 13. Rxa1 a6 14. Bc4
Be6 15. Nd5 Bxd5 16. exd5 Re8 17. Re1 Bf8 18. Rc1 1/2-1/2

[Event "DEM U10 2005"]
[Site "Willingen GER"]
[Date "2005.05.21"]
[Round "11"]
[White "Riebold, Johannes"]
[Black "Schäfer, Ann-Kathrin"]
[Result "1/2-1/2"]
[Termination "normal"]
[Board "22"]
[WhiteElo "1221"]
[BlackElo "1118"]
[PlyCount "48"]
[BlackFideId "24615412"]
[EventCountry "GER"]
[EventRounds "11"]
[EventType "swiss"]
[EventDate "2005.05.15"]

1. d4 d6 2. c4 g6 3. e3 Bg7 4. Nf3 Nf6 5. Nc3 b6 6. Be2 Bb7 7. O-O Nbd7 8. Re1
O-O 9. Bd3 a6 10. Bd2 Rc8 11. Rc1 c5 12. d5 e6 13. e4 Qc7 14. Rc2 Ng4 15. h3
Nge5 16. Nxe5 Nxe5 17. Bf4 Rce8 18. Rce2 Nxd3 19. Qxd3 e5 20. Bg5 f5 21. exf5
Rxf5 22. Bd2 Ref8 23. Ne4 Bc8 24. Ng3 R5f7 1/2-1/2

[Event "DEM U10 2005"]
[Site "Willingen GER"]
[Date "2005.05.21"]
[Round "11"]
[White "Stuhler, Kilian"]
[Black "Gering, Samuel"]
[Result "1/2-1/2"]
[Termination "normal"]
[Board "23"]
[WhiteElo "1087"]
[BlackElo "1215"]
[PlyCount "37"]
[BlackFideId "24604526"]
[EventCountry "GER"]
[EventRounds "11"]
[EventType "swiss"]
[EventDate "2005.05.15"]

1. e4 c6 2. d4 d5 3. exd5 cxd5 4. Bd3 Nc6 5. c3 Nf6 6. Bf4 e6 7. Nd2 Bd6 8.
Bxd6 Qxd6 9. Ngf3 O-O 10. O-O Rb8 11. Re1 b5 12. Ne5 b4 13. Nb3 Nd7 14. Nxd7
Bxd7 15. Nc5 bxc3 16. bxc3 Rb2 17. Re2 Rfb8 18. Rb1 Rxb1 19. Bxb1 1/2-1/2

[Event "DEM U10 2005"]
[Site "Willingen GER"]
[Date "2005.05.21"]
[Round "11"]
[White "Gerntke, Oliver"]
[Black "Rührmund, Daniel"]
[Result "0-1"]
[Termination "normal"]
[Board "24"]
[WhiteElo "1085"]
[BlackElo "1201"]
[PlyCount "74"]
[WhiteFideId "24647977"]
[BlackFideId "24674583"]
[EventCountry "GER"]
[EventRounds "11"]
[EventType "swiss"]
[EventDate "2005.05.15"]

1. d4 d5 2. c4 c6 3. Nc3 Nf6 4. Bg5 Bf5 5. Bxf6 exf6 6. Qb3 Qd7 7. cxd5 cxd5 8.
Qxd5 Bb4 9. Qxd7+ Nxd7 10. e3 Rc8 11. Rc1 O-O 12. Bb5 Nb6 13. a3 Bd6 14. Nf3
Rc7 15. O-O a6 16. Be2 Rfc8 17. Na2 Na4 18. Rxc7 Rxc7 19. b4 Be6 20. Ra1 g6 21.
Bd1 Nb2 22. Be2 g5 23. g3 Bd5 24. h3 Rc2 25. Nc1 Rxe2 26. Nxe2 Bxf3 27. Nc3 Nd3
28. Nd1 Kf8 29. Rb1 Ke7 30. Rb3 Nc1 31. Rb1 Na2 32. Rb2 Nc1 33. Nc3 b5 34. Rc2
Nd3 35. Na2 Bd5 36. Nc3 Bc4 37. Kg2 Ne1+ 0-1

[Event "DEM U10 2005"]
[Site "Willingen GER"]
[Date "2005.05.21"]
[Round "11"]
[White "Oltzen, Aljoscha"]
[Black "Winterholler, Christina"]
[Result "0-1"]
[Termination "normal"]
[Board "25"]
[WhiteElo "933"]
[BlackElo "1200"]
[PlyCount "28"]
[BlackFideId "24652105"]
[EventCountry "GER"]
[EventRounds "11"]
[EventType "swiss"]
[EventDate "2005.05.15"]

1. e4 e5 2. Nc3 Nc6 3. Nf3 Nf6 4. Bb5 Nd4 5. Ba4 Bc5 6. Nxe5 O-O 7. Nd3 Bb6 8.
O-O d6 9. Re1 Bg4 10. Ne2 Nxe4 11. Kf1 Qg5 12. Ndf4 Qh4 13. g3 Qxh2 14. Nd3
Bh3# 0-1

[Event "DEM U10 2005"]
[Site "Willingen GER"]
[Date "2005.05.21"]
[Round "11"]
[White "Pältz, Sebastian"]
[Black "Barden, Andrea"]
[Result "1-0"]
[Termination "normal"]
[Board "26"]
[WhiteElo "1196"]
[BlackElo "990"]
[PlyCount "65"]
[WhiteFideId "24648027"]
[BlackFideId "24698822"]
[EventCountry "GER"]
[EventRounds "11"]
[EventType "swiss"]
[EventDate "2005.05.15"]

1. e4 g6 2. d4 Bg7 3. Nf3 d6 4. Bg5 Nf6 5. Nc3 O-O 6. Bc4 e6 7. Qd2 Nc6 8. Bh6
b6 9. Bxg7 Kxg7 10. O-O Bb7 11. Ng5 Ne7 12. Bxe6 Nxe4 13. Ngxe4 Bxe4 14. Nxe4
fxe6 15. Ng5 Qd7 16. Rfe1 Rf6 17. Qe2 h6 18. Nxe6+ Kf7 19. d5 Nxd5 20. Nd4 c5
21. Qc4 Qb7 22. Nf3 Rf4 23. Qd3 Nb4 24. Qb3+ d5 25. Ne5+ Kg7 26. Qg3 Rf5 27.
Qxg6+ Kh8 28. Qxf5 Rg8 29. Ng6+ Kg7 30. Re7+ Qxe7 31. Nxe7 Rf8 32. Qg6+ Kh8 33.
Qxh6# 1-0